Neophyti l : (Record no. 33440)

MARC details
000 -LEADER
campo de control de longitud fija 01230nam a2200265 i 4500
001 - NÚMERO DE CONTROL
campo de control 33440
003 - IDENTIFICADOR DE NÚMERO DE CONTROL
campo de control ES-MaACL
005 - FECHA Y HORA DE LA ÚLTIMA TRANSACCIÓN
campo de control 20230906154746.0
007 - CAMPO FIJO DE DESCRIPCIÓN FÍSICA--INFORMACIÓN GENERAL
campo de control de longitud fija t|
008 - DATOS DE LONGITUD FIJA--INFORMACIÓN GENERAL
campo de control de longitud fija 030202m19701979sp ||||1| spa d
080 ## - NÚMERO DE LA CLASIFICACIÓN DECIMAL UNIVERSAL
Número de la Clasificación Decimal Universal 222.1.04=922.1
130 0# - ENTRADA PRINCIPAL--TÍTULO UNIFORME
Título uniforme Biblia.
Nombre de parte o sección de la obra A.T.
Lenguaje de la obra Políglota.
9 (RLIN) 119272
245 10 - MENCIÓN DEL TÍTULO
Título Neophyti l :
Resto del título Targum Palestinense, ms. de la Biblioteca Vaticana /
Mención de responsabilidad, etc. edición príncipe, introducción y versión castellana Alejandro Diez Macho ; traducciones francesa: R. Le Déaut, inglesa: Martin MacNamara y Michael Maher.
260 ## - PUBLICACIÓN, DISTRIBUCIÓN, ETC.
Lugar de publicación, distribución, etc. Madrid :
Nombre del editor, distribuidor, etc. Seminario Filológico "Cardenal Cisneros" del Instituto "Arias Montano",
Fecha de publicación, distribución, etc. 1970-1979.
300 ## - DESCRIPCIÓN FÍSICA
Extensión 4 v. ;
Dimensiones 28 cm.
505 8# - NOTA DE CONTENIDO CON FORMATO
Nota de contenido con formato Contiene: 2. Éxodo... lugares paralelos a la Haggadá del Génesis de Pseudojonatán y Neophyti l / Etan B. Levine -- 3. Levítico... el Memra de Yahew en el Ms Neophyti l / Domingo Muñoz -- 5. Deuteronomio -- 6. Apéndices
700 1# - ENTRADA AGREGADA--NOMBRE PERSONAL
Nombre de persona Díez Macho, Alejandro.
9 (RLIN) 44745
700 1# - ENTRADA AGREGADA--NOMBRE PERSONAL
Nombre de persona Le Déaut, R.
9 (RLIN) 70867
700 1# - ENTRADA AGREGADA--NOMBRE PERSONAL
Nombre de persona McNamara, Martin.
9 (RLIN) 79607
700 1# - ENTRADA AGREGADA--NOMBRE PERSONAL
Nombre de persona Maher, Michael.
9 (RLIN) 75530
700 1# - ENTRADA AGREGADA--NOMBRE PERSONAL
Nombre de persona Levine, Etan B.
9 (RLIN) 71975
700 1# - ENTRADA AGREGADA--NOMBRE PERSONAL
Nombre de persona Muñoz, Domingo.
9 (RLIN) 84301
710 2# - ENTRADA AGREGADA--NOMBRE DE ENTIDAD CORPORATIVA
Nombre de entidad corporativa o nombre de jurisdicción como elemento de entrada Instituto "Arias Montano"
9 (RLIN) 4797
852 ## - LOCALIZACIÓN
Ubicación ES-MaACL
Número de control de estantería P-1482
Holdings
Estatus retirado Estado de pérdida Estado de daño No para préstamo Biblioteca de origen Biblioteca actual Ubicación en estantería Fecha de adquisición Fuente de adquisición Total de préstamos Signatura topográfica completa Código de barras Visto por última vez Precio de reemplazo Tipo de ítem Koha
        Biblioteca del Ateneo de Madrid Biblioteca del Ateneo de Madrid Depósito 2 17/01/2008     P-1482 1034788 23/02/2023 23/02/2023 Libro impreso